000 00797nam a22001937a 4500
005 20250606113200.0
010 _aHIN-129774
020 _a9789390749744
_c450.00
035 _aHN-102120
037 _bDBAD
082 _a540
100 _aवर्गीस, क्रिस्टी
_981743
245 _aसी. एस. आई. आर.-नेट/
_b
_c क्रिस्टी वर्गीस
250 _aभाग- A
260 _aजोधपुर
_bसाइंटिफिक पब्लिशर्स
_c2022
270 _a5-ए, न्यू पाली रोड, पोस्ट बॉक्स नं. 91
_bजोधपुर
_e342001
300 _a661पृ.
_c24सेमी (अजिल्द )
942 _2ddc
_cHN
_h540
_k
_mवर्गीस
999 _c211607
_d211607